Business communication : (Record no. 71829)

MARC details
000 -LEADER
fixed length control field 00906nam a22002297a 4500
005 - DATE AND TIME OF LATEST TRANSACTION
control field 20121204121658.0
008 - FIXED-LENGTH DATA ELEMENTS--GENERAL INFORMATION
fixed length control field 121204t xxu||||| |||| 00| 0 eng d
010 ## - LCCN (DPL NO)
LC control number ENG-106265
020 ## - INTERNATIONAL STANDARD BOOK NUMBER
International Standard Book Number 9788184841787
Terms of availability 1280.00
035 ## - SYSTEM CONTROL NUMBER
System control number EN-89798
037 ## - SOURCE OF ACQUISITION
Source of stock number/acquisition DBAD/PUB
040 ## - CATALOGING SOURCE
Original cataloging agency DPL
Language of cataloging Eng
082 ## - DEWEY DECIMAL CLASSIFICATION NUMBER
Classification number 651.7
100 ## - MAIN ENTRY--PERSONAL NAME
9 (RLIN) 54009
Personal name Bhatia, Mukesh
245 ## - TITLE STATEMENT
Title Business communication :
Statement of responsibility, etc by Mukesh Bhatia
Remainder of title a process of communicating in a professional manner :ethics, barriers & conflicts, tools /
260 ## - PUBLICATION, DISTRIBUTION, ETC. (IMPRINT)
Place of publication, distribution, etc New Delhi
Name of publisher, distributor, etc Regal Publications
Date of publication, distribution, etc 2012
270 ## - ADDRESS
Address F-159 Rajouri Garden
City New Delhi
Postal code 110027
300 ## - PHYSICAL DESCRIPTION
Extent xii,267p.
Dimensions 24cm(Hb)
500 ## - GENERAL NOTE
General note Includes bibliographical references and index
942 ## - ADDED ENTRY ELEMENTS (KOHA)
Source of classification or shelving scheme Dewey Decimal Classification
Item type English Books
Call number suffix BHA
Classification part 651.7
Holdings
Withdrawn status Lost status Source of classification or shelving scheme Damaged status Not for loan Collection code Home library Current library Date acquired Source of acquisition Cost, normal purchase price Total Checkouts Full call number Barcode Date last seen Copy number Cost, replacement price Koha item type
    Dewey Decimal Classification   Not For Loan Non-fiction D.B.Act.Division D.B.Act.Division 04/12/2012 DBAD/PUB 1280.00   651.7 BHA EN-89798 04/12/2012 1 1280.00 English Books

© Delhi Public Library
Hit Counter
free hit counter